000 01100nam a2200241Ia 4500
003 OSt
005 20220923224029.0
006 a|||||r|||| 00| 0
007 ta
008 220922b |||||||| |||| 00| 0 hin d
024 _a224,229
037 _cTextual
040 _aARTS
_cARTS
_bhin
041 _2hin
_ahin
082 _aY:7:7f4, 152P3
100 _aहॉर्टन, माइल्स; फ्रेरे, पाओलो; बेल, ब्रेंडा, संपा.
_9167751
245 0 _aचलकर राह बनाते हम
_b शिक्षा और सामाजिक परिवर्तन पर वार्तालाप
246 _aChalakar rāh banāte hama: shikṣhā aur sāmājik parivartan par vārtālāpa
260 _aनयी दिल्ली
_b प्रकाशन संस्थान
_c2003
300 _a188पृ.
_ccm.
942 _hY:7:7f4, 152P3
_cTEXL
_2CC
999 _c368756
_d368756